000 01542nam0a2200397 4500
001 RU\NLR\bibl\325538
005 20260405191547.0
010 _a5-85213-187-3
_9100
021 _aRU
_b2002-36743
_91794
035 _a(NLR Aleph) 000320540
090 _a94407
_c94407
100 _a20021016d1999 |||y0rusy50 ca
101 0 _arus
102 _aRU
105 _ay |||||||||
200 1 _aРусская литература и православие
_fЕ. В. Семенова
_gМ-во общ. и проф. образования Рос. Федерации, Бурят. гос. ун-т
210 _aУлан-Удэ
_cИзд-во Бурят. гос. ун-та
_d1999
215 _a59 с.
_d20
320 _aБиблиогр. в конце гл.
606 0 _aРусская литература и религия
_91577616
_3RU\NLR\auth\66991299
610 0 _aКультура и религия
610 0 _aПравославие
610 0 _aРусская литература
675 _a821.161.1.09
_v3
_zrus
686 _a17
_2rugasnti
686 _a83.3(2Рос-Рус)1
_2rubbk
686 _aЭ372.24-103.7
686 _aШ5(2=Р)-304
700 1 _4070
_8rus
_7ca
_aСеменова
_bЕ. В.
_cд-р филол. наук, рус. литература
_gЕлена Владимировна
_3RU\NLR\auth\7783575
_966503
801 0 _aRU
_bRKP
_c20021016
_gPSBO
801 1 _aRU
_bRKP
_c20021016
801 2 _aRU
_bNLR
_c20100401
_grcr
942 _cBOOK
980 _aNB